হরপার্ব্বতী / (Record no. 48172)
[ view plain ]
| 000 -LEADER | |
|---|---|
| fixed length control field | 00791nam a22002297a 4500 |
| 001 - CONTROL NUMBER | |
| control field | 48172 |
| 003 - CONTROL NUMBER IDENTIFIER | |
| rucl marc code | BD-RjUL |
| 005 - DATE AND TIME OF LATEST TRANSACTION | |
| control field | 20211209054455.0 |
| 008 - FIXED-LENGTH DATA ELEMENTS--GENERAL INFORMATION | |
| fixed length control field | 160813s1940 ii ||||| |||| 00| 0 ben d |
| 020 ## - INTERNATIONAL STANDARD BOOK NUMBER | |
| Terms of availability | : IRs 1.25 |
| 035 ## - SYSTEM CONTROL NUMBER | |
| System control number | (BD-RjUL)48291 |
| 040 ## - CATALOGING SOURCE | |
| Original cataloging agency | BD-RjUL |
| Language of cataloging | ben |
| Transcribing agency | BD-RjUL |
| 041 ## - LANGUAGE CODE | |
| Language code of text/sound track or separate title | ben |
| 082 ## - DEWEY DECIMAL CLASSIFICATION NUMBER | |
| Edition number | 23 |
| Classification number | 891.442 |
| Author mark and year | SEH 1940 |
| 100 ## - MAIN ENTRY--PERSONAL NAME | |
| Personal name | সেনগুপ্ত, শচীন্দ্রনাথ |
| 9 (RLIN) | 145947 |
| 245 10 - TITLE STATEMENT | |
| Title | হরপার্ব্বতী / |
| Statement of responsibility, etc. | শচীন্দ্রনাথ সেনগুপ্ত |
| 260 ## - PUBLICATION, DISTRIBUTION, ETC. (IMPRINT) | |
| Place of publication, distribution, etc. | কলিকাতা : |
| Name of publisher, distributor, etc. | গুরুদাস, |
| Date of publication, distribution, etc. | ১৯৪০ |
| 300 ## - PHYSICAL DESCRIPTION | |
| Pagination | ১৩৩ পৃ. ; |
| Size | ১৭ সেমি. |
| 650 ## - SUBJECT ADDED ENTRY--TOPICAL TERM | |
| Topical term or geographic name as entry element | বাংলা নাটক |
| 9 (RLIN) | 145948 |
| Topical term or geographic name as entry element | Bengali Drama |
| 9 (RLIN) | 145949 |
| 942 ## - ADDED ENTRY ELEMENTS (KOHA) | |
| Source of classification or shelving scheme | Dewey Decimal Classification |
| Koha item type | Books |
| Lost status | Source of classification or shelving scheme | Damaged status | Not for loan | Collection code | Permanent Location | Current Location | Shelving location | Date acquired | Source of acquisition | Cost, normal purchase price | Total Checkouts | Full call number | Date last seen | Copy number | Koha item type |
|---|---|---|---|---|---|---|---|---|---|---|---|---|---|---|---|
| Dewey Decimal Classification | Non-fiction | Central Library, University of Rajshahi | Central Library, University of Rajshahi | 11/07/1955 | India Interkoli | 1.25 | B 891.442 SEH 1940 | 13/08/2016 | C-2 | Books |